[Event "2MCR_3DE_1L_3S"]
[Site "?"]
[Date "2007.??.??"]
[Round "?"]
[White "Vojtek, Frantisek"]
[Black "Krouzel, Jaroslav"]
[Result "1/2-1/2"]
[WhiteElo "2196"]
[BlackElo "2298"]
[Annotator "020"]
[PlyCount "49"]
[EventDate "2007.??.??"]
[EventType "corr"]
[EventRounds "1"]
[SourceDate "2007.01.28"]

1. e4 e6 2. d4 d5 3. Nc3 Bb4 4. e5 c5 5. a3 Bxc3+ 6. bxc3 Ne7 7. Qg4 O-O 8. Bd3
f5 9. exf6 Rxf6 10. Bg5 Rf7 11. Qh4 h6 12. Bxe7 Rxe7 13. Nf3 e5 14. dxe5 Rxe5+
15. Kd2 Qxh4 16. Nxh4 Nc6 17. f4 Re8 18. Rae1 Bd7 19. c4 d4 20. Be4 Be6 21. Bd5
Bxd5 22. cxd5 Na5 23. Kd3 b5 24. a4 Nc4 25. axb5 1/2-1/2

[Event "2MCR_3DE_1L_3S"]
[Site "?"]
[Date "2007.??.??"]
[Round "?"]
[White "Schwarz, Jan"]
[Black "Ryska, Jiri"]
[Result "1-0"]
[WhiteElo "2266"]
[BlackElo "2072"]
[Annotator "021"]
[PlyCount "63"]
[EventDate "2007.??.??"]
[EventType "corr"]
[EventRounds "1"]
[SourceDate "2007.01.28"]

1. e4 c6 2. d4 d5 3. e5 Bf5 4. Nc3 e6 5. g4 Bg6 6. Nge2 c5 7. h4 cxd4 8. Nxd4
h5 9. Bb5+ Nd7 10. f4 hxg4 11. f5 Bxf5 12. Nxf5 exf5 13. Qxd5 Qc7 14. e6 fxe6
15. Qxe6+ Ne7 16. Be3 O-O-O 17. O-O-O Nc6 18. Bg5 Qe5 19. Qf7 Bb4 20. Bxc6 bxc6
21. Rhe1 Qc7 22. Bxd8 Rxd8 23. Qxf5 g3 24. Qg4 a5 25. Rd3 g2 26. h5 Bxc3 27.
Rxc3 Kb7 28. Qxg2 Nb6 29. Rg3 Rd7 30. Rg1 Qe5 31. Rg6 Rd5 32. Rg5 1-0

[Event "2MCR_3DE_1L_1S"]
[Site "?"]
[Date "2007.??.??"]
[Round "?"]
[White "Lounek, Jan"]
[Black "Svoboda, Frantisek"]
[Result "1/2-1/2"]
[WhiteElo "2425"]
[BlackElo "2388"]
[Annotator "025"]
[PlyCount "45"]
[EventDate "2007.??.??"]
[EventType "corr"]
[EventRounds "1"]
[SourceDate "2007.01.28"]

1. e4 e6 2. d4 d5 3. Nd2 c5 4. exd5 exd5 5. Ngf3 Nf6 6. Bb5+ Bd7 7. Bxd7+ Nbxd7
8. O-O Be7 9. dxc5 Nxc5 10. Nb3 Nce4 11. Nfd4 Qd7 12. f3 Nd6 13. Nc5 Qc7 14.
Nd3 O-O 15. c3 Rfe8 16. Re1 Bf8 17. Bg5 Rxe1+ 18. Qxe1 Re8 19. Qf1 Nd7 20. Bf4
Qb6 21. Qf2 Nc5 22. Nxc5 Qxc5 23. Re1 1/2-1/2

[Event "2MCR_3DE_1L_3S"]
[Site "?"]
[Date "2007.??.??"]
[Round "?"]
[White "Fric, Pavel"]
[Black "Sykora, Josef"]
[Result "1/2-1/2"]
[WhiteElo "2184"]
[BlackElo "2365"]
[Annotator "022"]
[PlyCount "81"]
[EventDate "2007.??.??"]
[EventType "corr"]
[EventRounds "1"]
[SourceDate "2007.01.28"]

1. d4 d5 2. c4 c6 3. Nf3 e6 4. Nc3 Nf6 5. e3 Nbd7 6. Qc2 Bd6 7. g4 dxc4 8. Bxc4
e5 9. g5 Nd5 10. Bd2 exd4 11. Nxd4 O-O 12. Nxd5 cxd5 13. Bd3 g6 14. h4 Nc5 15.
Bc3 Be5 16. f4 Bg7 17. h5 Qe7 18. Kf2 Bg4 19. hxg6 fxg6 20. Rag1 Rae8 21. Rg3
Bxd4 22. Bxd4 Nxd3+ 23. Qxd3 Qxg5 24. Bxa7 Rf7 25. a3 Rc8 26. Bd4 Rc4 27. Kg1
Qf5 28. Qxf5 Bxf5 29. Bc3 Rcc7 30. Kf2 Kf8 31. a4 Be4 32. Rh6 b6 33. Rg1 Rc4
34. Ra1 Ra7 35. Ra3 b5 36. Bd4 b4 37. Bxa7 bxa3 38. bxa3 Kg7 39. Rh2 Rxa4 40.
Bc5 Ra5 41. Bb4 1/2-1/2

[Event "2MCR_3DE_1L_3S"]
[Site "?"]
[Date "2007.??.??"]
[Round "?"]
[White "Cakl, Zdenek"]
[Black "Sykora, Josef"]
[Result "1/2-1/2"]
[WhiteElo "2137"]
[BlackElo "2365"]
[Annotator "023"]
[PlyCount "39"]
[EventDate "2007.??.??"]
[EventType "corr"]
[EventRounds "1"]
[SourceDate "2007.01.28"]

1. Nf3 d5 2. b3 Bg4 3. e3 Nd7 4. Bb2 e6 5. Be2 Ngf6 6. O-O Bd6 7. d4 O-O 8.
Nbd2 c6 9. c4 Ne4 10. Nxe4 dxe4 11. Ne5 Bxe2 12. Qxe2 Bxe5 13. dxe5 Qg5 14. f4
exf3 15. Rxf3 Qh5 16. Qf2 Rad8 17. Rh3 Qg6 18. Rg3 Qh5 19. Rf1 b6 20. Rh3
1/2-1/2

[Event "2MCR_3DE_1L_1S"]
[Site "?"]
[Date "2007.??.??"]
[Round "?"]
[White "Novak, Vratislav"]
[Black "Lounek, Jan"]
[Result "1/2-1/2"]
[WhiteElo "2292"]
[BlackElo "2425"]
[Annotator "026"]
[PlyCount "79"]
[EventDate "2007.??.??"]
[EventType "corr"]
[EventRounds "1"]
[SourceDate "2007.01.28"]

1. e4 c5 2. Nf3 d6 3. b3 Nf6 4. Nc3 Nc6 5. Bb2 Bg4 6. h3 Bh5 7. Be2 e6 8. O-O
Be7 9. e5 dxe5 10. Nxe5 Bxe2 11. Nxe2 Qc7 12. Nxc6 Qxc6 13. d3 O-O-O 14. b4 h5
15. bxc5 Bxc5 16. c4 Rh6 17. d4 Rg6 18. Nf4 Rg5 19. Qd2 Rf5 20. Ne2 h4 21. Qd3
Rg5 22. f3 Bb6 23. a4 Kb8 24. Qb3 Nh5 25. Bc1 Rf5 26. Be3 Ng3 27. Nxg3 hxg3 28.
Rfd1 Bc7 29. Rab1 g5 30. Qc3 Bf4 31. Bxf4+ Rxf4 32. Kh1 f6 33. a5 Rh4 34. c5
Rd5 35. a6 Qxa6 36. c6 b5 37. Rbc1 Rh7 38. Qe1 Qc8 39. Qxg3+ Rc7 40. f4 1/2-1/2

[Event "2MCR_3DE_1L_2S"]
[Site "?"]
[Date "2007.??.??"]
[Round "?"]
[White "Glaser, Karel"]
[Black "Janous, Petr"]
[Result "1/2-1/2"]
[WhiteElo "2200"]
[BlackElo "2236"]
[Annotator "022"]
[PlyCount "69"]
[EventDate "2007.??.??"]
[EventType "corr"]
[EventRounds "1"]
[SourceDate "2007.01.28"]

1. e4 c5 2. Nf3 d6 3. d4 cxd4 4. Nxd4 Nf6 5. Nc3 a6 6. Be3 Ng4 7. Bg5 h6 8. Bh4
g5 9. Bg3 Bg7 10. h3 Ne5 11. Nf5 Bxf5 12. exf5 Nbc6 13. Nd5 e6 14. fxe6 fxe6
15. Ne3 O-O 16. Be2 d5 17. O-O Qb6 18. Rb1 Ng6 19. Re1 Rad8 20. Bf1 Nf4 21. h4
Qc7 22. hxg5 hxg5 23. Ng4 Qc8 24. Bxf4 gxf4 25. Qf3 e5 26. c4 e4 27. Qh3 Qf5
28. Rbc1 Nd4 29. cxd5 Rd6 30. Rc7 e3 31. Rxb7 Rg6 32. Bc4 exf2+ 33. Kxf2 Qc2+
34. Kg1 f3 35. Rxg7+ 1/2-1/2

[Event "2MCR_3DE_1L_3S"]
[Site "?"]
[Date "2007.??.??"]
[Round "?"]
[White "Mezera, Lukas"]
[Black "Splichal, Josef"]
[Result "1-0"]
[WhiteElo "2285"]
[BlackElo "2168"]
[Annotator "024"]
[PlyCount "59"]
[EventDate "2007.??.??"]
[EventType "corr"]
[EventRounds "1"]
[SourceDate "2007.01.28"]

1. e4 e5 2. Nf3 Nc6 3. Bb5 Nf6 4. O-O Nxe4 5. d4 Nd6 6. Bxc6 dxc6 7. dxe5 Nf5
8. Qxd8+ Kxd8 9. Nc3 h6 10. h3 Be6 11. g4 Ne7 12. Nd4 Bd7 13. Bf4 Nd5 14. Nxd5
cxd5 15. Rad1 h5 16. Bg5+ Kc8 17. Nf5 hxg4 18. hxg4 c6 19. Kg2 g6 20. Bf6 Rg8
21. Ne3 Bc5 22. Kg3 b5 23. Ng2 Kc7 24. Rh1 Rae8 25. Rh7 Rgf8 26. Nf4 Be7 27.
Bxe7 Rxe7 28. Nxg6 Bxg4 29. Rdh1 Bf3 30. R1h6 1-0

[Event "2MCR_3DE_1L_2S"]
[Site "?"]
[Date "2007.??.??"]
[Round "?"]
[White "Canibal, Jaromir"]
[Black "Glaser, Karel"]
[Result "1/2-1/2"]
[WhiteElo "2255"]
[BlackElo "2200"]
[Annotator "023"]
[PlyCount "59"]
[EventDate "2007.??.??"]
[EventType "corr"]
[EventRounds "1"]
[SourceDate "2007.01.28"]

1. e4 e5 2. Nf3 Nc6 3. Bb5 a6 4. Ba4 Nf6 5. O-O Be7 6. Re1 b5 7. Bb3 O-O 8. c3
d6 9. h3 Na5 10. Bc2 c5 11. d4 Qc7 12. Nbd2 cxd4 13. cxd4 Nc6 14. d5 Nb4 15.
Bb1 a5 16. Nf1 Bd7 17. Be3 Rfc8 18. Qd2 Na6 19. Ng3 Nc5 20. Nh2 Qb8 21. Rc1 Ra7
22. Bd3 Rac7 23. Bxc5 dxc5 24. Be2 Ra7 25. Ng4 a4 26. Nxf6+ Bxf6 27. Bg4 Bxg4
28. hxg4 h6 29. Rc3 Bg5 30. Qe2 1/2-1/2

[Event "2MCR_3DE_1L_2S"]
[Site "?"]
[Date "2007.??.??"]
[Round "?"]
[White "Postl, Rostislav"]
[Black "Hala, Martin"]
[Result "1/2-1/2"]
[WhiteElo "2340"]
[BlackElo "2368"]
[Annotator "024"]
[PlyCount "61"]
[EventDate "2007.??.??"]
[EventType "corr"]
[EventRounds "1"]
[SourceDate "2007.01.28"]

1. e4 e5 2. Nf3 Nc6 3. Bb5 f5 4. Nc3 fxe4 5. Nxe4 d5 6. Nxe5 dxe4 7. Nxc6 Qg5
8. Qe2 Nf6 9. f4 Qxf4 10. Nxa7+ Bd7 11. Bxd7+ Kxd7 12. Qb5+ Ke6 13. Qb3+ Kd7
14. Qxb7 Bd6 15. Qb5+ Ke6 16. Qb3+ Kd7 17. Qf7+ Be7 18. Nc6 Kxc6 19. Qxe7 Rae8
20. Qa3 Rhf8 21. Qa6+ Kd7 22. Qe2 Ng4 23. Rf1 Qg5 24. a4 Qh4+ 25. g3 Rxf1+ 26.
Kxf1 Qh3+ 27. Kg1 Ne5 28. Ra3 Rf8 29. d4 Nf3+ 30. Rxf3 exf3 31. Qb5+ 1/2-1/2

[Event "2MCR_3DE_1L_1S"]
[Site "?"]
[Date "2007.??.??"]
[Round "?"]
[White "Kuchta, Jiri"]
[Black "Jandovsky, Viktor"]
[Result "0-1"]
[WhiteElo "2244"]
[BlackElo "2275"]
[Annotator "027"]
[PlyCount "76"]
[EventDate "2007.??.??"]
[EventType "corr"]
[EventRounds "1"]
[SourceDate "2007.01.28"]

1. d4 Nf6 2. c4 g6 3. Nc3 Bg7 4. e4 d6 5. Be2 O-O 6. Nf3 e5 7. O-O Nc6 8. d5
Ne7 9. Ne1 Nd7 10. Be3 f5 11. f3 f4 12. Bf2 g5 13. b4 Nf6 14. c5 Ng6 15. Nd3 h5
16. a4 g4 17. b5 gxf3 18. Bxf3 Ng4 19. c6 Qg5 20. cxb7 Bxb7 21. Rc1 Rf7 22. Kh1
Kh8 23. a5 Bc8 24. Qe2 Nh4 25. Nb4 Bh6 26. Na4 Rg7 27. Rg1 Qf6 28. Nc6 Nxh2 29.
Nxe5 Ng4 30. Nc6 Nxf2+ 31. Qxf2 Bg4 32. e5 Qg5 33. Be4 f3 34. g3 Nf5 35. Rc2 h4
36. gxh4 Nxh4 37. b6 Qh5 38. Qh2 Bf4 0-1

[Event "2MCR_3DE_1L_1S"]
[Site "?"]
[Date "2007.??.??"]
[Round "?"]
[White "Novak, Vratislav"]
[Black "Jandovsky, Viktor"]
[Result "1-0"]
[WhiteElo "2292"]
[BlackElo "2275"]
[Annotator "028"]
[PlyCount "53"]
[EventDate "2007.??.??"]
[EventType "corr"]
[EventRounds "1"]
[SourceDate "2007.01.28"]

1. e4 c5 2. Nf3 e6 3. b3 a6 4. Bb2 Nc6 5. c4 d6 6. d4 cxd4 7. Nxd4 Bd7 8. Be2
Nf6 9. Nc3 Be7 10. O-O O-O 11. Qd2 Qc7 12. Rad1 Rfd8 13. Nc2 Qa5 14. Qe3 Nb4
15. Nxb4 Qxb4 16. a3 Qa5 17. f4 Qc7 18. Kh1 Bc6 19. b4 b6 20. Bd3 Rab8 21. Qh3
h6 22. e5 dxe5 23. fxe5 Nd7 24. Nd5 Bxd5 25. cxd5 Nxe5 26. Qg3 f6 27. dxe6 1-0

[Event "2MCR_3DE_1L_3S"]
[Site "?"]
[Date "2007.??.??"]
[Round "?"]
[White "Schwarz, Jan"]
[Black "Pytlik, Lesek"]
[Result "1-0"]
[WhiteElo "2266"]
[BlackElo "2382"]
[Annotator "025"]
[PlyCount "61"]
[EventDate "2007.??.??"]
[EventType "corr"]
[EventRounds "1"]
[SourceDate "2007.01.28"]

1. e4 e6 2. d4 d5 3. Nd2 Nc6 4. Ngf3 Nf6 5. e5 Nd7 6. Nb3 Be7 7. Bb5 O-O 8. O-O
Ncb8 9. Bf4 b6 10. Rc1 Ba6 11. Bxa6 Nxa6 12. Qe2 Qc8 13. Bg5 Bxg5 14. Nxg5 h6
15. Nf3 Nb4 16. a3 Nc6 17. c4 Qa6 18. Nfd2 Ne7 19. Rfe1 Rfd8 20. Qg4 dxc4 21.
Rxc4 Rac8 22. Qe2 c5 23. f4 b5 24. Nxc5 Nxc5 25. Rxc5 Rxd4 26. Rxc8+ Qxc8 27.
Qf2 Qd8 28. Ne4 Qb6 29. g3 Nf5 30. Re2 Qc5 31. Nxc5 1-0

[Event "2MCR_3DE_1L_1S"]
[Site "?"]
[Date "2007.??.??"]
[Round "?"]
[White "Blecha, Miroslav"]
[Black "Straka, Zdenek"]
[Result "1/2-1/2"]
[WhiteElo "2227"]
[BlackElo "2398"]
[Annotator "029"]
[PlyCount "93"]
[EventDate "2007.??.??"]
[EventType "corr"]
[EventRounds "1"]
[SourceDate "2007.01.28"]

1. e4 e5 2. Nf3 Nc6 3. Bb5 a6 4. Ba4 Nf6 5. O-O Be7 6. Re1 b5 7. Bb3 O-O 8. a4
b4 9. d3 d6 10. a5 Be6 11. Nbd2 Bxb3 12. Nxb3 d5 13. Bg5 h6 14. Bh4 Re8 15. Qe2
Nh5 16. exd5 Qxd5 17. Qe4 Rad8 18. Qxd5 Rxd5 19. Bxe7 Rxe7 20. Re4 Re6 21. Rc4
Red6 22. Kf1 f5 23. Nc5 Nf6 24. Nb7 Re6 25. Nh4 e4 26. Ng6 exd3 27. cxd3 Ne5
28. Nxe5 Rexe5 29. Re1 Rxe1+ 30. Kxe1 Rxd3 31. Rxc7 Rd5 32. Rc5 Rd7 33. Rc8+
Kh7 34. Nc5 Rd6 35. h3 Ne4 36. Nxe4 fxe4 37. Rc4 b3 38. Rxe4 Rc6 39. Kd1 Rc2
40. Re2 Rc5 41. Re3 Rxa5 42. Rxb3 g5 43. g3 Rd5+ 44. Ke2 a5 45. f4 gxf4 46.
gxf4 a4 47. Rb7+ 1/2-1/2

[Event "2MCR_3DE_1L_3S"]
[Site "?"]
[Date "2007.??.??"]
[Round "?"]
[White "Ryska, Jiri"]
[Black "Mezera, Lukas"]
[Result "1/2-1/2"]
[WhiteElo "2072"]
[BlackElo "2285"]
[Annotator "026"]
[PlyCount "56"]
[EventDate "2007.??.??"]
[EventType "corr"]
[EventRounds "1"]
[SourceDate "2007.01.28"]

1. e4 c5 2. Nf3 d6 3. d4 cxd4 4. Nxd4 Nf6 5. Nc3 a6 6. Be2 e5 7. Nb3 Be7 8. O-O
O-O 9. Be3 Be6 10. f4 exf4 11. Rxf4 Nc6 12. Nd5 Bxd5 13. exd5 Ne5 14. c4 Nfd7
15. Rf5 Rc8 16. Rc1 g6 17. Rf1 Bg5 18. Bxg5 Qxg5 19. Rc3 f5 20. Nd4 Nc5 21. b3
Ne4 22. Rh3 Qd2 23. Qxd2 Nxd2 24. Re1 Ne4 25. Re3 h5 26. a4 Nc5 27. a5 Rfe8 28.
Rf1 Ne4 1/2-1/2

[Event "2MCR_3DE_1L_1S"]
[Site "?"]
[Date "2007.??.??"]
[Round "?"]
[White "Hrdy, Roman"]
[Black "Lounek, Jan"]
[Result "0-1"]
[WhiteElo "2284"]
[BlackElo "2425"]
[Annotator "030"]
[PlyCount "88"]
[EventDate "2007.??.??"]
[EventType "corr"]
[EventRounds "1"]
[SourceDate "2007.01.28"]

1. d4 Nf6 2. Bg5 Ne4 3. Bf4 c5 4. f3 Qa5+ 5. c3 Nf6 6. d5 Qb6 7. Bc1 g6 8. e4
d6 9. c4 Bg7 10. Ne2 Bd7 11. Nbc3 O-O 12. Ng3 Na6 13. Bd3 Nb4 14. Be2 Na6 15.
O-O Ne8 16. f4 Rb8 17. Qd3 Nb4 18. Qb1 Na6 19. a3 Nac7 20. Qd3 Qa6 21. a4 Qa5
22. Bf3 b5 23. Nxb5 Rxb5 24. cxb5 Bxb5 25. Bd2 Bxd3 26. Bxa5 Bxb2 27. Rab1 Bd4+
28. Kh1 Bxf1 29. Nxf1 Na6 30. Be2 Nb4 31. Bxb4 cxb4 32. Rxb4 Bb6 33. g4 Nf6 34.
Ng3 h6 35. Rb5 Rc8 36. a5 Be3 37. g5 hxg5 38. fxg5 Bxg5 39. Rb7 Be3 40. Rxe7
Bd4 41. Rb7 Rc2 42. a6 Kg7 43. Kg2 Ng4 44. Rd7 Ne3+ 0-1

[Event "2MCR_3DE_1L_1S"]
[Site "?"]
[Date "2007.??.??"]
[Round "?"]
[White "Straka, Zdenek"]
[Black "Jandovsky, Viktor"]
[Result "1-0"]
[WhiteElo "2398"]
[BlackElo "2275"]
[Annotator "031"]
[PlyCount "61"]
[EventDate "2007.??.??"]
[EventType "corr"]
[EventRounds "1"]
[SourceDate "2007.01.28"]

1. e4 c5 2. Nf3 e6 3. d4 cxd4 4. Nxd4 Nc6 5. Nc3 d6 6. Be2 Nf6 7. O-O Be7 8.
Be3 O-O 9. f4 Bd7 10. Nb3 a6 11. a4 b6 12. Bf3 Rb8 13. Qe2 Qc8 14. Rad1 Na5 15.
e5 Ne8 16. Nxa5 bxa5 17. Bd4 Rb4 18. Kh1 Bxa4 19. Nxa4 Rxa4 20. c3 Qc4 21. Qc2
Qb5 22. Be2 Qc6 23. Bd3 g6 24. Qe2 d5 25. Bc2 Qc4 26. Qf2 Ra2 27. Bb1 Ra4 28.
g4 Nc7 29. f5 Qc6 30. Rd3 exf5 31. gxf5 1-0

[Event "2MCR_3DE_1L_3S"]
[Site "?"]
[Date "2007.??.??"]
[Round "?"]
[White "Sykora, Josef"]
[Black "Schwarz, Jan"]
[Result "1/2-1/2"]
[WhiteElo "2365"]
[BlackElo "2266"]
[Annotator "027"]
[PlyCount "72"]
[EventDate "2007.??.??"]
[EventType "corr"]
[EventRounds "1"]
[SourceDate "2007.01.28"]

1. c4 Nf6 2. Nf3 c6 3. d4 d5 4. Nc3 dxc4 5. a4 Bf5 6. e3 e6 7. Bxc4 Bb4 8. O-O
Nbd7 9. Nh4 Bg6 10. Qb3 Qb6 11. h3 O-O 12. Nxg6 hxg6 13. Rd1 Rad8 14. Bd2 a5
15. Be1 Rfe8 16. Rac1 Re7 17. f4 c5 18. Bh4 cxd4 19. exd4 Ree8 20. Bb5 Bd6 21.
g3 Nb8 22. Kg2 Nc6 23. Bxf6 gxf6 24. Qc4 Bb4 25. d5 Bxc3 26. dxc6 bxc6 27. Qxc6
Qxc6+ 28. Bxc6 Rd2+ 29. Rxd2 Bxd2 30. Rc2 Rc8 31. Rxd2 Rxc6 32. Rd8+ Kg7 33.
Ra8 Rc2+ 34. Kf3 Rxb2 35. Rxa5 Rb3+ 36. Kf2 Rb2+ 1/2-1/2

[Event "2MCR_3DE_1L_2S"]
[Site "?"]
[Date "2007.??.??"]
[Round "?"]
[White "Janous, Petr"]
[Black "Houska, Jiri"]
[Result "1/2-1/2"]
[WhiteElo "2236"]
[BlackElo "2244"]
[Annotator "025"]
[PlyCount "62"]
[EventDate "2007.??.??"]
[EventType "corr"]
[EventRounds "1"]
[SourceDate "2007.01.28"]

1. e4 c5 2. Nf3 d6 3. d4 cxd4 4. Nxd4 Nf6 5. Nc3 g6 6. Be3 Bg7 7. f3 O-O 8. Qd2
Nc6 9. Bc4 Bd7 10. O-O-O Rc8 11. Bb3 Ne5 12. h4 h5 13. Kb1 Re8 14. Bh6 Nc4 15.
Bxc4 Rxc4 16. Bxg7 Kxg7 17. Nd5 e5 18. Nxf6 Qxf6 19. Nb3 Re6 20. Rdf1 Bb5 21.
g4 Ra4 22. Rf2 hxg4 23. fxg4 Qe7 24. Qe1 Rf6 25. Nd2 Rxf2 26. Qxf2 Bc6 27. Qe3
d5 28. g5 dxe4 29. h5 gxh5 30. Rxh5 Rd4 31. Kc1 Rd8 1/2-1/2

[Event "2MCR_3DE_1L_3S"]
[Site "?"]
[Date "2007.??.??"]
[Round "?"]
[White "Sykora, Josef"]
[Black "Nigrin, Jiri"]
[Result "1/2-1/2"]
[WhiteElo "2365"]
[BlackElo "2002"]
[Annotator "028"]
[PlyCount "76"]
[EventDate "2007.??.??"]
[EventType "corr"]
[EventRounds "1"]
[SourceDate "2007.01.28"]

1. c4 Nf6 2. Nf3 e6 3. g3 d5 4. Bg2 dxc4 5. Qa4+ c6 6. Qxc4 Bd6 7. O-O O-O 8.
d4 Nbd7 9. Rd1 Qe7 10. Qd3 Rd8 11. Nc3 h6 12. Bf4 Bxf4 13. gxf4 Nd5 14. e3 b6
15. Rac1 Nb4 16. Qb1 Bb7 17. a3 Nd5 18. Nxd5 exd5 19. Qf5 a5 20. Ne5 Nxe5 21.
fxe5 c5 22. Kh1 Rab8 23. Rg1 Bc8 24. Qf4 Kh8 25. Qg3 Be6 26. Bh3 Rg8 27. f4 g6
28. Bg4 Kh7 29. Qf3 Qd7 30. Rcf1 Bxg4 31. Qxg4 Qxg4 32. Rxg4 Rbc8 33. f5 gxf5
34. Rgf4 Rg5 35. Rxf5 Rxf5 36. Rxf5 Kg7 37. Kg2 cxd4 38. exd4 Rc2+ 1/2-1/2

[Event "2MCR_3DE_1L_2S"]
[Site "?"]
[Date "2007.??.??"]
[Round "?"]
[White "Glaser, Karel"]
[Black "Nepustil, Frantisek"]
[Result "1/2-1/2"]
[WhiteElo "2200"]
[BlackElo "2335"]
[Annotator "026"]
[PlyCount "60"]
[EventDate "2007.??.??"]
[EventType "corr"]
[EventRounds "1"]
[SourceDate "2007.01.28"]

1. e4 d5 2. exd5 Qxd5 3. Nc3 Qd6 4. d4 Nf6 5. Nf3 a6 6. Be3 Nc6 7. Qd2 Bf5 8.
Nh4 Be6 9. a3 O-O-O 10. Nf3 h6 11. O-O-O g5 12. h3 Bg7 13. Kb1 Qd7 14. Bd3 Kb8
15. Rhe1 Qc8 16. Qe2 g4 17. hxg4 Bxg4 18. Bc4 e6 19. d5 exd5 20. Nxd5 Qf5 21.
Nf4 Ne4 22. Bd5 Qf6 23. c3 Ng5 24. Qc4 Rd6 25. Qb3 Rhd8 26. Bxc6 Rxd1+ 27. Rxd1
Rxd1+ 28. Qxd1 Qxc6 29. Qd8+ Bc8 30. Nd4 Qd7 1/2-1/2

[Event "2MCR_3DE_1L_3S"]
[Site "?"]
[Date "2007.??.??"]
[Round "?"]
[White "Janocko, Petr"]
[Black "Sykora, Josef"]
[Result "1/2-1/2"]
[WhiteElo "2177"]
[BlackElo "2365"]
[Annotator "029"]
[PlyCount "69"]
[EventDate "2007.??.??"]
[EventType "corr"]
[EventRounds "1"]
[SourceDate "2007.01.28"]

1. e4 c6 2. d4 d5 3. exd5 cxd5 4. c4 Nf6 5. Nc3 e6 6. Nf3 Bb4 7. cxd5 Nxd5 8.
Qc2 Qc7 9. Bd2 Nd7 10. Bd3 Bxc3 11. bxc3 N5f6 12. O-O b6 13. Rae1 Bb7 14. Ng5
Rc8 15. c4 Qc6 16. Ne4 O-O 17. Bg5 Kh8 18. Qd2 Rce8 19. f4 Nxe4 20. Bxe4 Qc8
21. Bxb7 Qxb7 22. f5 f6 23. fxe6 fxg5 24. exd7 Rxf1+ 25. Rxf1 Qxd7 26. d5 Qd6
27. Qxg5 Qc5+ 28. Kh1 Qxc4 29. Qf5 h6 30. d6 Rd8 31. Rd1 Qxa2 32. d7 Qe2 33.
Qd5 Qe7 34. h3 a5 35. Qc4 1/2-1/2

[Event "2MCR_3DE_1L_3S"]
[Site "?"]
[Date "2007.??.??"]
[Round "?"]
[White "Nigrin, Jiri"]
[Black "Tomisek, Petr"]
[Result "1/2-1/2"]
[WhiteElo "2002"]
[BlackElo "2186"]
[Annotator "030"]
[PlyCount "78"]
[EventDate "2007.??.??"]
[EventType "corr"]
[EventRounds "1"]
[SourceDate "2007.01.28"]

1. e4 e5 2. Nf3 Nc6 3. Bb5 f5 4. Nc3 fxe4 5. Nxe4 d5 6. Nxe5 dxe4 7. Nxc6 Qg5
8. Qe2 Nf6 9. Nxa7+ Bd7 10. Bxd7+ Nxd7 11. f4 Qc5 12. Nb5 Qxc2 13. Nc3 Nc5 14.
Qh5+ Kd8 15. O-O Qd3 16. Re1 Qd4+ 17. Re3 g6 18. Qg5+ Be7 19. Qd5+ Qxd5 20.
Nxd5 Re8 21. Rc3 Bd6 22. Nf6 Re7 23. g3 Rf7 24. Nd5 Ra4 25. b4 Nd3 26. Ra3 Ra6
27. Rb1 Rf5 28. Rxa6 bxa6 29. Nc3 Bxb4 30. Nxe4 Rb5 31. Kf1 Bf8 32. Ra1 Bg7 33.
Nc3 c5 34. Ke2 c4 35. Kf3 Kd7 36. h4 h5 37. Ba3 Ra5 38. Bc1 Kc6 39. a4 Bd4
1/2-1/2

[Event "2MCR_3DE_1L_1S"]
[Site "?"]
[Date "2007.??.??"]
[Round "?"]
[White "Hrdy, Roman"]
[Black "Contos, Vaclav"]
[Result "1/2-1/2"]
[WhiteElo "2284"]
[BlackElo "2200"]
[Annotator "032"]
[PlyCount "88"]
[EventDate "2007.??.??"]
[EventType "corr"]
[EventRounds "1"]
[SourceDate "2007.01.28"]

1. d4 d5 2. c4 e6 3. Nf3 c6 4. g3 Bd6 5. Bg2 f5 6. O-O Nf6 7. Bf4 Bxf4 8. gxf4
O-O 9. Ne5 Nbd7 10. e3 Ne4 11. Qc2 Rf6 12. Nd2 Nxd2 13. Qxd2 Nxe5 14. dxe5 Rg6
15. Kh1 Qh4 16. Rg1 Rh6 17. h3 b6 18. Bf1 Ba6 19. Rg3 Rg6 20. Kg2 Rd8 21. Rd1
c5 22. Kh2 Rxg3 23. fxg3 Qe7 24. b3 Bb7 25. Qc2 h6 26. Rd2 d4 27. Qd1 Qd7 28.
a3 Be4 29. exd4 cxd4 30. Bd3 Qc6 31. Bxe4 Qxe4 32. Rd3 Kh7 33. Qd2 a5 34. h4 g5
35. h5 Rd7 36. Kg1 gxf4 37. gxf4 Rg7+ 38. Kh2 Qc6 39. Rg3 a4 40. Rxg7+ Kxg7 41.
Qxd4 axb3 42. Kg3 Kf7 43. Qd3 b2 44. Qc2 Qc5 1/2-1/2

[Event "2MCR_3DE_1L_3S"]
[Site "?"]
[Date "2007.??.??"]
[Round "?"]
[White "Sykora, Josef"]
[Black "Krouzel, Jaroslav"]
[Result "1/2-1/2"]
[WhiteElo "2365"]
[BlackElo "2298"]
[Annotator "031"]
[PlyCount "58"]
[EventDate "2007.??.??"]
[EventType "corr"]
[EventRounds "1"]
[SourceDate "2007.01.28"]

1. c4 e6 2. Nf3 d5 3. g3 Nf6 4. Bg2 Be7 5. O-O O-O 6. d4 dxc4 7. Qc2 a6 8. a4
Bd7 9. Qxc4 Bc6 10. Bg5 Bd5 11. Qc2 Be4 12. Qd1 h6 13. Bxf6 Bxf6 14. Nc3 Bxf3
15. Bxf3 c6 16. Qb3 Qc7 17. e3 a5 18. Rac1 Nd7 19. Rfd1 Qb6 20. Qxb6 Nxb6 21.
b3 Rfd8 22. Ne4 Be7 23. Nc5 Rab8 24. Kg2 Kf8 25. h4 Nd7 26. Nd3 Bd6 27. Kf1 e5
28. dxe5 Nxe5 29. Nxe5 Bxe5 1/2-1/2

[Event "2MCR_3DE_1L_1S"]
[Site "?"]
[Date "2007.??.??"]
[Round "?"]
[White "Hrdy, Roman"]
[Black "Blecha, Miroslav"]
[Result "1/2-1/2"]
[WhiteElo "2284"]
[BlackElo "2227"]
[Annotator "033"]
[PlyCount "58"]
[EventDate "2007.??.??"]
[EventType "corr"]
[EventRounds "1"]
[SourceDate "2007.01.28"]

1. d4 Nf6 2. Bg5 c5 3. Nc3 d5 4. e3 cxd4 5. Bxf6 gxf6 6. Qxd4 e6 7. O-O-O Nc6
8. Qf4 Bd7 9. Bb5 a6 10. Ba4 Rg8 11. Nge2 f5 12. h3 Qg5 13. g4 fxg4 14. hxg4
Qxf4 15. Nxf4 Rxg4 16. Rxh7 b5 17. Bb3 Rg7 18. Rdh1 Rxh7 19. Rxh7 Ne5 20. Nd3
Nxd3+ 21. cxd3 Ke7 22. Kd2 Kf6 23. d4 Rc8 24. f4 Bb4 25. f5 Rg8 26. fxe6 Bxe6
27. Rh5 Rg2+ 28. Kc1 Rg1+ 29. Kd2 Rg2+ 1/2-1/2

[Event "2MCR_3DE_1L_2S"]
[Site "?"]
[Date "2007.??.??"]
[Round "?"]
[White "Pravec, Ladislav"]
[Black "Alexa, Jaroslav"]
[Result "1/2-1/2"]
[WhiteElo "2352"]
[BlackElo "2374"]
[Annotator "027"]
[PlyCount "44"]
[EventDate "2007.??.??"]
[EventType "corr"]
[EventRounds "1"]
[SourceDate "2007.01.28"]

1. d4 Nf6 2. c4 e6 3. Nf3 b6 4. g3 Ba6 5. b3 Bb4+ 6. Bd2 Be7 7. Bg2 c6 8. Bc3
d5 9. Nbd2 Nbd7 10. O-O O-O 11. Re1 c5 12. e4 dxe4 13. Ng5 cxd4 14. Bxd4 Bb7
15. Ndxe4 Qc7 16. Nxf6+ Bxf6 17. Bxf6 Nxf6 18. Bxb7 Qxb7 19. Qf3 Qe7 20. Ne4
Nxe4 21. Qxe4 Rad8 22. Red1 Qg5 1/2-1/2

[Event "2MCR_3DE_1L_2S"]
[Site "?"]
[Date "2007.??.??"]
[Round "?"]
[White "Popelka, Miloslav"]
[Black "Nepustil, Frantisek"]
[Result "1/2-1/2"]
[WhiteElo "2147"]
[BlackElo "2335"]
[Annotator "028"]
[PlyCount "56"]
[EventDate "2007.??.??"]
[EventType "corr"]
[EventRounds "1"]
[SourceDate "2007.01.28"]

1. e4 c6 2. d4 d5 3. Nd2 dxe4 4. Nxe4 Nf6 5. Nxf6+ exf6 6. c3 Bd6 7. Bd3 Nd7 8.
Ne2 O-O 9. O-O Re8 10. Ng3 Bc7 11. Qc2 Nf8 12. f4 b6 13. Qf2 c5 14. Be4 Rb8 15.
dxc5 h5 16. Bc6 Re7 17. Nxh5 Ba6 18. Re1 Rxe1+ 19. Qxe1 bxc5 20. b3 g6 21. Ng3
f5 22. Be3 Qf6 23. Bf3 Re8 24. Qd2 Qe7 25. Bf2 Ne6 26. Ne2 Rd8 27. Qe1 Bxe2 28.
Qxe2 Bxf4 1/2-1/2